Statistics for 1980s American TV Trivia

Click here to take the quiz!

General Stats

  • This quiz has been taken 9,155 times
    (4,513 since last reset)
  • The average score is 14 of 20

Answer Stats

Question Answer % Correct
Fill in the blank: Sometimes you want to go where everybody ____ ____ ____Knows Your Name
91%
On what show did J.R. get shot?Dallas
89%
What "Dukes of Hazzard" character wore extremely short jean shorts?{Daisy} Duke
85%
In what state did "Magnum P.I." take place?Hawaii
82%
What mystery show starred Angela Lansbury?Murder, She Wrote
81%
What show featured Don Johnson wearing a white sport coat?Miami Vice
80%
What cable channel killed the radio star?MTV
79%
Who was the host of "The Tonight Show"?Johnny Carson
76%
What secret agent carried duct tape and a Swiss Army knife - but never a gun?MacGyver
69%
What does ALF stand for?Alien Life Form
69%
Who flipped the tiles on "Wheel of Fortune"?Vanna White
68%
Who starred as young conservative Alex P. Keaton?Michael J. Fox
68%
What actor played a guy named Tony in two different sitcoms?Tony Danza
67%
What A-list Hollywood actor starred in "21 Jump Street"?Johnny Depp
63%
What show was about a New York City high school for the performing arts?Fame
63%
What was Mr. Belvedere's profession?Housekeeper
62%
Who was He-Man's sister?She-Ra
60%
What was B.A. Baracus's phobia in "The A-Team"?Fear of {Flying}
53%
What "Growing Pains" actor was a teen heartthrob?Kirk Cameron
47%
What show was about an android who tried to pass as a real girl?Small Wonder
16%

Score Distribution

Percentile by Number Answered

Percent of People with Each Score

Your Score History

You have not taken this quiz since the last reset